[Event "20th Dubai Open 2018"]
[Site "Dubai"]
[Date "2018.04.10"]
[Round "9"]
[White "Haria, Ravi"]
[Black "Sharma, Dinesh K"]
[Result "0-1"]
[WhiteElo "2441"]
[BlackElo "2261"]
[Annotator "TA"]
[PlyCount "126"]
[EventDate "2018.??.??"]
[EventType "swiss"]
[EventCountry "UAE"]
[SourceTitle "playchess.com"]
[Source "ChessBase"]
[SourceQuality "1"]

{[%evp 20,126,1,4,5,4,18,24,45,46,75,70,89,86,65,0,0,-62,32,22,8,-116,0,0,0,0,0,-111,-28,-130,-14,-16,-16,-18,0,0,0,-44,0,-186,130,39,240,0,0,0,0,0,0,0,0,-186,-161,-127,-36,-36,-33,-124,-140,-141,-133,-123,-129,-120,-62,-120,-87,-87,-87,-179,-160,-274,-273,-471,-471,-471,-471,-471,-471,-545,-481,-534,-471,-475,0,-513,-475,-494,-494,-2087,-2063,-1869,-1629,-1561,-1338,-1238,-1160,-1144,-737,-5691,-5081,-29980,-29981,-29981,-29982,-29982,-29983,-29983,-29984]} 1. Nf3 Nf6 2. g3 b5 3. Bg2 Bb7 4. O-O e6 5. d3 a6 6. c4 Be7 7. Nbd2 c5 8. b3 O-O 9. Bb2 d6 10. e3 {A13: English Opening: 1...e6} Nc6 11. Qe2 {LiveBook: 5 Games} Nd7 12. Rfd1 {The position is equal.} Bf6 $146 ({Predecessor:} 12... Rb8 13. Rac1 Bf6 14. d4 cxd4 15. exd4 bxc4 16. bxc4 Nb6 17. Ne4 {0-1 (63) Talbi,C (2200)-Malakhatko,V (2507) Algiers 2015}) 13. d4 Qc7 14. Ne4 Be7 15. d5 exd5 16. cxd5 Nb4 17. Nh4 (17. Nc3 $14 c4 18. bxc4 bxc4 19. Rab1) 17... f5 $36 {[%mdl 2048] Black is more active.} 18. Nc3 ({White should play} 18. Bxg7 $11 Bxh4 19. Bxf8 Rxf8 20. Qh5 fxe4 21. Qxh4) 18... c4 (18... Bxh4 $1 $15 19. gxh4 c4) 19. bxc4 bxc4 20. Qh5 (20. Nf3 $11 {keeps the balance.}) 20... Nd3 {[#]} (20... Bf6 $1 $17 {White must now prevent ...Nd3.} 21. Rac1 (21. Qxf5 $2 Nc5 $19) 21... Nc5) 21. Rxd3 $1 {[%mdl 512]} cxd3 22. Nxf5 Bf6 {Threatens to win with ...g6.} 23. Be4 (23. Ne4 $1 $11 {was the only way to keep the balance.}) 23... Rfe8 ({Don't go for} 23... g6 $2 24. Ne7+ $1 {[%mdl 512]} Bxe7 25. Bxg6 $1 $18 {[%mdl 512]}) (23... Rf7 $1 $17 24. Rb1 Bxc3 25. Bxc3 Qxc3 26. Nxd6 g6) 24. Nd4 (24. Bxd3 $11 Nc5 25. Nxd6 Qxd6 26. Qxh7+ Kf8 27. Bg6) 24... Nf8 (24... Bxd4 $1 $17 25. Qxh7+ Kf8 26. exd4 Nf6 27. Qh8+ Kf7) 25. Bxd3 Bxd4 26. exd4 Re7 27. Ne4 Rae8 28. Qg4 Kh8 {[%mdl 1024] Black has compensation.} 29. Ba3 $2 (29. Qf5 $1 $11) 29... Bc8 $2 (29... Bxd5 $19 30. Bxd6 Rxe4 31. Qxe4 Bxe4 32. Bxc7 Bxd3) 30. Qf3 (30. Qf4 $16 Rxe4 31. Bxe4) 30... Rf7 $2 (30... Bh3 $1 $14) 31. Qg2 $2 ({White must play} 31. Qh5 $1 $18 Rxe4 32. Bxe4) 31... Rd7 32. Rc1 Qa5 $1 {[%cal Ra5a3]} 33. Bxd6 Qxd5 34. Be5 $1 Bb7 35. Bb1 $2 (35. f4 $11 {and White stays safe.}) 35... Ng6 36. Rc5 Qxc5 ({Black should try} 36... Qg8 $17 37. Qf3 Nxe5 38. dxe5 Red8) 37. Nxc5 $15 Bxg2 38. Nxd7 ({White has to play} 38. Bxg6 $1 $15 hxg6 39. Nxd7) 38... Nxe5 $17 39. Nxe5 {[%mdl 4096] Endgame KRB-KBN} Bd5 40. Bd3 a5 41. a4 Rc8 (41... Rb8 $17 {And now ...Rb4 would win.} 42. Bb5 Rc8) 42. f3 (42. Kf1 $15) 42... g6 43. Kf2 Kg7 44. Ke3 (44. Nd7 $17) 44... Rc3 $1 $19 45. Kf4 (45. Ke2 $17) 45... Ra3 $1 46. Be4 $2 (46. Bb5 {was the only chance.}) 46... Rxa4 47. Bxd5 {aiming for Ke3.} Rxd4+ 48. Be4 {[#]} a4 $1 {[%cal Ra4a3]} 49. Nc6 ({Stronger than} 49. Ke3 {[#]} Rxe4+ $1 {[%mdl 512]} 50. Kxe4 a3) 49... Rc4 50. Na5 Rb4 {Strongly threatening ...a3.} 51. Nc6 Rc4 52. Na5 $1 {[%cal Ra5c4]} Rc5 53. Nb7 Rb5 {Hoping for ...a3.} 54. Nd8 (54. Nd6 $142 a3 55. Nxb5) 54... a3 55. Ne6+ Kf6 56. Nd4 a2 57. Nc2 Rb2 58. Na1 Rb1 59. Nc2 Rc1 60. Na1 Rxa1 {Black mates.} 61. Bd5 g5+ 62. Kg4 Rh1 63. Bxa2 Rxh2 {Precision: White = 39%, Black = 41%.} 0-1

[Event "20th Dubai Open 2018"]
[Site "Dubai"]
[Date "2018.04.10"]
[Round "9"]
[White "Laxman, R.R"]
[Black "Gagare, Shardul"]
[Result "0-1"]
[WhiteElo "2441"]
[BlackElo "2502"]
[Annotator "TA"]
[PlyCount "74"]
[EventDate "2018.??.??"]
[EventType "swiss"]
[EventCountry "UAE"]
[SourceTitle "playchess.com"]
[Source "ChessBase"]
[SourceQuality "1"]

{[%evp 23,74,-33,-30,-17,-22,-63,-49,-53,-16,-5,0,0,2,0,2,0,0,0,0,-9,0,-67,-68,-61,-60,-50,-47,-76,-72,-72,-71,-77,-73,-160,-147,-142,-143,-155,-133,-395,-401,-388,-388,-388,-391,-506,-499,-490,-476,-466,-450,-985,-960]} 1. d4 d5 2. Nf3 Nf6 3. c4 c6 4. e3 e6 5. Nc3 Nbd7 6. Qc2 Bd6 7. Bd3 O-O 8. O-O dxc4 9. Bxc4 e5 10. h3 h6 11. Bb3 {D46: Semi-Slav: 5 e3 Nbd7 6 Bd3, Black avoids the Meran} Re8 12. dxe5 Nxe5 {LiveBook: 5 Games} 13. Nxe5 {Black has an edge.} Bxe5 14. Rd1 Qe7 15. Bd2 {[#]} Be6 $146 ({Predecessor:} 15... Bc7 16. e4 Qe5 17. f4 Qc5+ 18. Kh1 Nh5 {0-1 (26) Bykov,A (2359)-Smirnov,P (2621) Golden Sands 2014}) 16. Bxe6 Qxe6 17. Be1 c5 18. Ne2 {[#]} Ne4 $1 {[%mdl 512]} 19. f3 ({Not} 19. Qxe4 $2 Bh2+ 20. Kxh2 Qxe4 $19) 19... Nd6 {[%cal Be4d6,Bd6c4,Bc4e3][%mdl 32]} 20. Rac1 b6 21. a4 Rad8 22. Bf2 {[#]} (22. e4 $11) 22... Nc4 $1 $15 {[%mdl 512]} 23. b3 {[#]} (23. Qxc4 Rxd1+) 23... Nxe3 $1 {[%mdl 512]} 24. Bxe3 Bf6 {[%cal Be5f6,Bf6d8,Bd8c7][%mdl 32]} 25. Bxc5 ({Don't go for} 25. Qe4 $2 Qc8 $19) 25... bxc5 26. Rxd8 Qe3+ 27. Kh1 Bxd8 28. Nc3 {[#]} ({Better is} 28. Ng3) 28... Bc7 $1 $36 {[%mdl 2048] ( -> ...Qe1+!). Black has strong initiative.} 29. Ne4 Qf4 {[%csl Gc7][%cal Rf4h2]} 30. Kg1 Be5 {...Qh2+ is the strong threat.} 31. Rd1 $2 {[%mdl 8192]} (31. Kf1 $17) 31... Qh2+ $19 32. Kf1 Bd4 33. Nf2 Re6 34. Rd3 Rg6 {Black is clearly winning.} 35. g4 Re6 36. b4 g6 {aiming for ...Bxf2.} 37. bxc5 {[#]} (37. Rxd4 $142 cxd4 38. Qd1) 37... Bxf2 $1 {Precision: White = 43%, Black = 85%.} 0-1

[Event "20th Dubai Open 2018"]
[Site "Dubai"]
[Date "2018.04.10"]
[Round "9"]
[White "Sundararajan, Kidambi"]
[Black "Ranaldi, Lucas"]
[Result "1-0"]
[WhiteElo "2436"]
[BlackElo "2226"]
[Annotator "TA"]
[PlyCount "149"]
[EventDate "2018.??.??"]
[EventType "swiss"]
[EventCountry "UAE"]
[SourceTitle "playchess.com"]
[Source "ChessBase"]
[SourceQuality "1"]

{[%evp 24,149,17,20,18,20,33,42,66,60,167,166,170,164,266,259,259,252,260,232,184,120,124,130,121,125,193,179,191,181,191,191,270,195,196,160,143,135,160,157,152,145,180,164,176,161,167,161,174,152,171,170,214,225,245,208,243,236,214,142,149,120,128,111,113,111,119,97,98,98,98,98,148,129,469,421,455,445,674,662,701,612,649,660,943,916,893,871,934,955,669,372,359,304,922,659,1131,1098,1480,1484,1403,806,1311,0,1228,1106,1073,1062,1025,957,12839,12839,12840,12840,12841,12837,12844,12844,12850,12848,12849,12849,12850,12847,12848,12847,29981,29982]} 1. d4 Nf6 2. c4 e6 3. Nf3 b6 4. Bf4 Bb7 5. e3 c5 6. Nc3 cxd4 7. exd4 Bb4 8. Bd3 O-O 9. O-O d5 10. Rc1 dxc4 11. Bxc4 Nc6 12. a3 Be7 13. Re1 Rc8 {D26: Queen's Gambit Accepted: 4 e3 e6 5 Bxc5 c5 sidelines} 14. Ba2 Qd7 $146 ({Predecessor:} 14... Nd5 15. Nxd5 exd5 16. Re3 Bf6 17. h3 Nxd4 18. Rxc8 Nxf3+ 19. Qxf3 Qxc8 20. Bxd5 Bxd5 21. Qxd5 Bxb2 {½-½ (26) Chuprikov,D (2334)-Raetsky,A (2433) Voronezh 2013}) 15. Qd3 Rfd8 {[%cal Rc6d4] White is slightly better.} 16. Rcd1 Bf8 (16... Nd5 $14 17. Nxd5 exd5) 17. Bg5 $18 {And now Bb1 would win.} Be7 18. d5 exd5 (18... h6 $142) 19. Nxd5 Nxd5 20. Bxd5 Bf6 21. Bxf6 gxf6 22. Qe4 (22. Qe3 $18) 22... Re8 $16 23. Qf4 Rxe1+ 24. Nxe1 {[%cal Bf3e1,Be1c2,Bc2e3][%mdl 32]} Re8 (24... Ne5 $16) 25. Nc2 $1 $18 {Black must now prevent Ne3.} Ne5 26. Ne3 {Threatens to win with Bxb7.} ({Much less strong is} 26. Qxf6 $6 Bxd5 27. Ne3 Qe6 $16) 26... Ng6 27. Qxf6 {Nf5 is the strong threat.} Bc8 (27... Qe7 $142 28. Qc3 Rd8) 28. h3 Qe7 29. Qxe7 Rxe7 30. Rc1 Be6 31. Bxe6 fxe6 $16 {[%mdl 4096] Endgame KRN-KRN} 32. g3 Ne5 33. Rd1 Kf7 34. Kf1 Rc7 35. Ke2 Nd7 36. Rd2 Nf6 37. Rc2 Rd7 38. Ng4 {Hoping for Ne5+.} Nxg4 39. hxg4 $18 {KR-KR} Kf6 40. f4 $1 h6 41. Rd2 Rc7 42. Ke3 Rc1 43. Rh2 Kg6 44. Re2 Kf6 45. Kd2 Rg1 {[#]} 46. Re3 $1 Rg2+ 47. Kc3 Rg1 48. Kb4 Rd1 $2 {[%mdl 8192] [#]} (48... a6 $16 49. Rc3 Ke7) 49. Kb5 $1 {[%cal Rb5a6]} Rd5+ 50. Kc6 Rd2 (50... h5 $142 51. f5 Rc5+ 52. Kb7 exf5) 51. b4 Rd4 52. Kb5 Rd7 53. Ka6 Rg7 54. a4 Rd7 55. b5 Rg7 56. Rc3 Rd7 57. a5 bxa5 58. Kxa5 Rb7 $2 (58... Rd1 59. Ra3 Rd7) 59. Rd3 Rc7 60. Ka6 Rg7 61. Rc3 Rd7 62. Rc6 Rg7 63. Rc3 Rd7 64. Rc8 Rg7 65. Rf8+ Ke7 66. Rh8 Rxg4 67. Kxa7 Rxg3 68. b6 Ra3+ 69. Kb7 Ra4 70. Kc6 Rxf4 71. b7 Rc4+ 72. Kb5 Rc1 73. b8=Q Rb1+ 74. Kc5 {Threatening mate with Qf8+.} Rxb8 75. Rxb8 {Precision: White = 78%, Black = 31%.} 1-0

[Event "20th Dubai Open 2018"]
[Site "Dubai"]
[Date "2018.04.10"]
[Round "9"]
[White "Viani, Antonio Dcunha"]
[Black "Mareco, Sandro"]
[Result "0-1"]
[WhiteElo "2435"]
[BlackElo "2645"]
[Annotator "TA"]
[PlyCount "82"]
[EventDate "2018.??.??"]
[EventType "swiss"]
[EventCountry "UAE"]
[SourceTitle "playchess.com"]
[Source "ChessBase"]
[SourceQuality "1"]

{[%evp 21,82,-20,-8,-58,-58,-80,-70,-115,-69,-80,-93,-155,-155,-155,-155,-155,-155,-156,-156,-156,-156,-218,-170,-166,-158,-236,-211,-191,-203,-195,-202,-208,-193,-201,-209,-201,-152,-138,-152,-176,-138,-283,-283,-270,-277,-252,-154,-325,-318,-1082,-1066,-1017,-984,-5070,-5086,-29981,-29964,-1652,-9625,-6179,-5900,-2250,-1733]} 1. e4 c6 2. d4 d5 3. exd5 cxd5 4. c4 Nf6 5. Nc3 Nc6 6. Bg5 Be6 7. a3 g6 {B13: Caro-Kann: Exchange Variation and Panov-Botvinnik Attack} 8. Bxf6 exf6 9. c5 Bg7 10. Bb5 O-O 11. Nge2 f5 {LiveBook: 8 Games} 12. Qa4 Qc7 $146 ({Find the theoretical novelty and annotate with similar games:} 12... Bd7 13. O-O a6 14. Bxc6 bxc6 15. Kh1 {0-1 (73) Lanka,Z (2417)-Danin,A (2568) Nuremberg 2012}) 13. Bxc6 bxc6 14. f4 a5 15. g3 Bc8 {[%cal Be6c8,Bc8a6,Ba6b5][%mdl 32]} 16. O-O-O (16. Kf2 $142) 16... Ba6 $17 17. Rd2 Rfe8 18. Kb1 Re3 19. Nc1 h6 20. Nd1 Re6 21. Nf2 (21. Ka1 $17) 21... Bb5 22. Qc2 Rae8 23. a4 (23. Nd1 $17) 23... Bc4 24. b3 Ba6 25. Qb2 Re3 26. Nfd3 Qe7 27. Ne5 Bxe5 28. dxe5 Qxc5 29. Rc2 Qb6 30. Rd1 Rb8 31. Ka2 (31. Qd4 $17) 31... c5 $19 {[%cal Bc6c5,Bc5c4][%mdl 32]} 32. Rxd5 {[#]} c4 $1 {[%cal Rc4b3][%mdl 512]} 33. Kb1 (33. bxc4 Bxc4+) 33... Qb4 34. bxc4 $2 (34. Qd4 $17 cxb3 35. Rd2 Qxd4 36. R5xd4) 34... Bxc4 35. Rd6 $2 (35. Rc5 Rc3 36. Rc8+ Rxc8 37. Rxc3 Qxa4 38. Qb6) 35... Bb3 36. Rcd2 Qe4+ 37. Ka1 Qxa4+ 38. Na2 Re1+ 39. Rd1 Bxd1 {Black is clearly winning.} 40. Qxb8+ Kh7 {( -> ...Bb3+)} 41. Qb1 {[#]} Bb3 $1 {[%mdl 512] Precision: White = 36%, Black = 70%.} 0-1

[Event "20th Dubai Open 2018"]
[Site "Dubai"]
[Date "2018.04.10"]
[Round "9"]
[White "Sindarov, Javokhir"]
[Black "Barretto, Franz"]
[Result "1-0"]
[WhiteElo "2431"]
[BlackElo "2099"]
[Annotator "TA"]
[PlyCount "75"]
[EventDate "2018.??.??"]
[EventType "swiss"]
[EventCountry "UAE"]
[SourceTitle "playchess.com"]
[Source "ChessBase"]
[SourceQuality "1"]

{[%evp 12,75,9,-22,-8,-11,8,0,8,0,9,-6,16,11,19,10,11,16,71,73,68,72,89,68,128,129,112,122,131,125,131,128,122,138,276,284,300,297,363,341,315,329,439,433,662,660,701,556,548,540,534,518,702,632,694,692,682,670,654,631,670,645,1351,1343,5181,5103]} 1. e4 c5 2. Nc3 Nc6 3. g3 g6 4. Bg2 Bg7 5. d3 e6 6. Be3 d6 7. Nh3 {LiveBook: 33 Games} h5 {B26: Closed Sicilian: 3 g3, lines with early Be3} (7... Nge7 8. Qd2 h6 9. Nf4 Rb8 10. O-O b5 11. a3 a5 12. Nfe2 Nd4 13. Nc1 Nec6 14. Nd1 b4 15. c3 bxc3 16. bxc3 {0-1 (60) Schelle,A (2190)-Pap,M (2491) Bayerisch Eisenstein 2017}) 8. f4 Nd4 $146 ({Predecessor:} 8... Qb6 9. Rb1 Nh6 10. Nf2 Qa5 11. O-O Bd7 12. Bd2 b5 13. e5 b4 14. Nce4 d5 {½-½ (66) Herrera Arboleda,K (1896)-Vasquez Ramirez,R (2183) Guayaquil 2012}) 9. O-O Ne7 {The position is equal.} 10. Ng5 Rb8 11. Qd2 b5 12. Nd1 b4 13. c3 bxc3 14. bxc3 Qa5 (14... f6 $11) 15. cxd4 $16 Qxd2 16. Bxd2 {[#] Threatens to win with e5.} Bxd4+ 17. Ne3 f6 ({Black should play} 17... Rb2 $1 $14 18. Nf3 Rxd2 19. Nxd4 cxd4) 18. Nf3 Bxa1 19. Rxa1 Ba6 20. e5 $36 {[%mdl 2048] White is really pushing.} fxe5 21. fxe5 d5 22. Ng5 Bxd3 (22... Kd7 $16) 23. Nxe6 $18 d4 24. Nd5 ({Stronger than} 24. Nxc5 dxe3 25. Bxe3 Rb1+ 26. Rxb1 Bxb1 $11) 24... Rb1+ 25. Rxb1 Bxb1 26. Bg5 ({Don't do} 26. Nxc5 Bxa2 27. Nc7+ Kf7 $18) 26... Nxd5 27. Bxd5 {[#] Strongly threatening Bf6.White is clearly winning.} Bf5 (27... Kd7 $142 28. Nxc5+ Kc7) 28. Nxc5 Rh7 29. Bc6+ Kf7 30. Kf2 Be6 31. Ba4 Rh8 32. Bf6 Rb8 33. Nxe6 Kxe6 34. Bb3+ Kf5 35. Ke2 g5 36. Kd3 h4 37. gxh4 gxh4 38. Bxh4 {Precision: White = 70%, Black = 23%.} 1-0

[Event "20th Dubai Open 2018"]
[Site "Dubai"]
[Date "2018.04.10"]
[Round "9"]
[White "Khademalsharieh, Sarasadat"]
[Black "Song, Yuxin"]
[Result "1-0"]
[WhiteElo "2424"]
[BlackElo "2075"]
[Annotator "TA"]
[PlyCount "137"]
[EventDate "2018.??.??"]
[EventType "swiss"]
[EventCountry "UAE"]
[SourceTitle "playchess.com"]
[Source "ChessBase"]
[SourceQuality "1"]

{[%evp 23,137,17,17,16,12,11,14,14,8,12,12,1,52,50,87,80,74,75,72,60,58,60,74,64,132,134,135,0,156,106,171,173,165,145,148,153,260,260,300,303,293,294,280,215,339,135,115,70,79,74,66,71,100,95,175,0,108,99,98,94,159,156,154,163,163,127,154,148,137,121,157,120,170,170,170,170,170,164,164,116,139,102,102,102,102,102,102,102,102,102,102,102,620,620,611,214,5065,2481,2441,1562,12794,6199,29976,29975,29981,29982,29985,29986,29988,29989,29989,29990,29992,29992,29992,29992]} 1. Nf3 Nf6 2. c4 e6 3. Nc3 Bb4 4. Qc2 O-O 5. a3 Bxc3 6. Qxc3 b6 7. g3 Bb7 8. Bg2 d6 9. d4 Nbd7 {[%cal Bb8d7,Bd7c5,Bc5e4][%mdl 32]} 10. O-O c5 11. dxc5 Nxc5 {E32: Nimzo-Indian: Classical (4 Qc2): 4...0-0} (11... bxc5 12. Rd1 a5 13. Bf4 d5 14. cxd5 exd5 15. b4 Ne4 16. Qe1 Qf6 17. bxc5 Ndxc5 18. Be3 Ne6 19. Nd4 Ba6 20. Nxe6 Qxe6 {½-½ (32) Doric,D (2481)-Palac,M (2618) Sibenik 2016}) 12. b4 Nce4 {LiveBook: 6 Games} 13. Qd3 d5 {The position is equal.} 14. Bb2 dxc4 15. Qxc4 Rc8 16. Qb3 Qd5 $146 ({Predecessor:} 16... Bd5 17. Qa4 Qe7 18. Rac1 Qb7 19. Rxc8 Rxc8 {½-½ (50) Forintos,G (2410)-Sigurjonsson,G (2435) Reykjavik 1982}) 17. Qe3 Rfd8 {[#]} (17... Ng4 $11 18. Qd4 f6) 18. Ng5 $1 $14 {[%mdl 512]} Qxg5 19. Qxg5 Nxg5 20. Bxb7 Rc7 21. Rfd1 Rxd1+ 22. Rxd1 {Intending Rd8+ and mate.} Kf8 23. Ba6 Nd5 ({Better is} 23... Nge4 $1 $14) 24. Be5 $16 {aiming for Bd6+.} Rd7 25. Bb5 ({White should play} 25. Rc1 $1 $16) 25... Rd8 $2 (25... Ne3 $1 $11 26. Bd6+ (26. Rxd7 Nh3+ 27. Kh1 Nxf2+ 28. Kg1 Nh3+ 29. Kh1 Nf2+ 30. Kg1 Nh3+ 31. Kh1 Nf2+ $11) 26... Rxd6 27. Rxd6 Nh3+ 28. Kh1 Nxf2+ 29. Kg1 Nh3+ 30. Kh1 Nf2+ 31. Kg1 Nh3+ 32. Kh1 Nf2+) 26. Rc1 Ne4 (26... f5 $16) 27. f3 $1 $36 {[%cal Rf3e4][%mdl 2048] White has strong initiative.} Nd2 28. Kf2 f6 29. Bb2 a5 (29... e5 $16 30. Ke1 Ne3) 30. Rc2 Ne7 31. bxa5 bxa5 32. a4 Kf7 33. e3 Nb3 {[#]} (33... g5 $142 34. Rc7 Ne4+ 35. Ke1 (35. fxe4 Rd2+ 36. Kf3 Rxb2 $11) 35... Nd6) 34. Ke1 $2 (34. Ba3 $1 $18) 34... Nd5 $16 35. Ke2 Nb4 $1 {[%cal Rb4c2]} 36. Rc7+ Kg6 {Threatens to win with ...Rd2+.} 37. Bc3 Nc1+ 38. Ke1 {Bxb4 is the strong threat.} Ncd3+ (38... Nd5 $16 {was necessary.}) 39. Ke2 (39. Kf1 $18) 39... Nc1+ $1 40. Kf2 Nd5 {[#]} 41. Bxf6 $1 {[%mdl 512]} Nxf6 (41... Nd3+ $142 42. Bxd3+ Kxf6) 42. Rxc1 {[%mdl 4096] Endgame KRB-KRN} Rd2+ 43. Kg1 Nd5 44. Rc6 Kf7 45. e4 Ne3 46. Rc3 Nc2 47. Rd3 Nd4 48. f4 (48. Rxd2 $6 Nxf3+ 49. Kf2 Nxd2 $16) 48... Rxd3 49. Bxd3 $18 {KB-KN} e5 50. Kf2 ({Don't play} 50. fxe5 $6 Ke6 $14) 50... Kf6 51. Ke3 Nb3 52. h4 Nc5 53. Bb5 h6 54. f5 g6 55. fxg6 Kxg6 56. g4 Kf6 57. Bc6 Ke6 $2 {[%mdl 8192]} (57... Ke7 $16) 58. g5 hxg5 59. hxg5 {[%cal Bh4g5,Bg5g6][%mdl 32]} Ke7 $2 {[#]} (59... Kf7 60. Kf3 Kg7) 60. Kf3 $1 {[%cal Rf3g4]} Ne6 61. Kg4 Ng7 62. Bd5 Kd6 63. g6 {White mates.} Kd7 64. Kg5 Ke7 65. Bf7 Kf8 66. Kh6 Ne8 67. Bxe8 Kg8 68. Bf7+ Kf8 69. Bd5 {Precision: White = 75%, Black = 49%.} 1-0

[Event "20th Dubai Open 2018"]
[Site "Dubai"]
[Date "2018.04.10"]
[Round "9"]
[White "Tania, Sachdev"]
[Black "Kavinda, Akila"]
[Result "1-0"]
[WhiteElo "2407"]
[BlackElo "1996"]
[Annotator "NA"]
[PlyCount "65"]
[EventDate "2018.??.??"]
[EventType "swiss"]
[EventCountry "UAE"]
[SourceTitle "playchess.com"]
[Source "ChessBase"]
[SourceQuality "1"]
[TimeControl "5400+30"]

1. d4 {[%emt 0:00:00]} g6 {[%emt 0:03:16]} 2. c4 {[%emt 0:00:44]} Nf6 {[%emt 0:00:12]} 3. f3 Bg7 {[%emt 0:00:17]} 4. e4 {[%emt 0:00:54]} d6 {[%emt 0:00:05]} 5. Nc3 {[%emt 0:00:20]} O-O {[%emt 0:00:05]} 6. Nge2 {[%emt 0:00:02]} Nc6 {[%emt 0:00:25]} 7. Be3 {[%emt 0:01:18]} a6 {[%emt 0:00:28]} 8. Qd2 {[%emt 0:01:56]} Bd7 {[%emt 0:00:12]} 9. Rb1 {[%emt 0:00:46]} Rb8 {[%emt 0:18:51]} 10. b4 {[%emt 0:01:00]} b5 {[%emt 0:00:26]} 11. cxb5 {[%emt 0:01:35]} axb5 {[%emt 0:00:03]} 12. d5 {[%emt 0:12:40]} Ne5 {[%emt 0:00:34]} 13. Nd4 {[%emt 0:00:02]} e6 {[%emt 0:20:26]} 14. Be2 {[%emt 0:06:09]} exd5 {[%emt 0:06:47]} 15. exd5 $16 {[%emt 0:00:08]} c6 {[%emt 0:19:07]} 16. dxc6 {[%emt 0:01:22]} Nxc6 {[%emt 0:00:04]} 17. Ndxb5 {[%emt 0:06:09]} Bf5 {[%emt 0:02:30]} 18. Rb2 {[%emt 0:08:11]} Re8 {[%emt 0:04:09]} 19. O-O {[%emt 0:08:18]} d5 {[%emt 0:19:54]} 20. Rd1 {[%emt 0:05:34]} Rb7 {[%emt 0:01:52]} 21. Nd4 {[%emt 0:07:48]} Rxe3 {[%emt 0:00:06]} 22. Qxe3 {[%emt 0:00:26]} Nxd4 {[%emt 0:00:49]} 23. Rxd4 {[%emt 0:00:37]} Re7 {[%emt 0:00:23]} 24. Qd2 {[%emt 0:12:02]} Qb6 {[%emt 0:00:43]} 25. Na4 {[%emt 0:00:16]} Qa7 {[%emt 0:00:23]} 26. Nc5 {[%emt 0:00:15]} Nd7 {[%emt 0:00:49]} 27. Rxd5 {[%emt 0:01:39]} Be6 {[%emt 0:00:03]} 28. Rd6 {[%emt 0:03:23]} Bxb2 {[%emt 0:00:58]} 29. Qxb2 {[%emt 0:00:11]} f6 {[%emt 0:00:30]} 30. Ra6 {[%emt 0:00:35]} Qc7 {[%emt 0:00:21]} 31. Rxe6 {[%emt 0:01:32]} Rxe6 {[%emt 0:00:37]} 32. Nxe6 {[%emt 0:00:02]} Qb6+ {[%emt 0:00:04]} 33. Qd4 {[%emt 0:00:19]} 1-0